000 01661nam0a22003011 4500
001 rc\3787798
005 20260407100853.0
021 _aRU
_b[75-44587]
035 _a(NLR Aleph) 007250739
090 _a5202491
_c5202491
100 _a20120311d1975 |||y0rusy50 ca
101 0 _arus
102 _aRU
105 _aa z |||||
200 1 _aРазвитие системы общественного обслуживания в крупнейших городах
_e(Обзор)
_fГос. ком. по гражд. стр-ву и архитектуре при Госстрое СССР. Центр. науч.-техн. информации по гражд. стр-ву и архитектуре
210 _aМосква
_c[ЦНТИ по гражд. стр-ву и архитектуре]
_d1975
215 _a37 с.
_cчерт.
_d21
225 1 _aСерия "Градостроительство"
300 _aСост. указан на обороте тит. л.: канд. архитектуры О.В. Смирнова
320 _aСписок лит.: с. 36-37
606 _aГорода
_xОбщественные центры
_xПроектирование
_2psbo
700 1 _4220
_7ca
_8rus
_aСмирнова
_bО. В.
_cканд. архитектуры
_gОльга Васильевна
_92648114
_3RU\NLR\AUTH\770276147
712 0 2 _aЦентр научно-технической информации по гражданскому строительству и архитектуре
_cМосква
_9351044
_3RU\NLR\AUTH\889927707
801 0 _aRU
_bNLR
_gpsbo
801 1 _aRU
_bELAR
_2rusmarc
852 _aNLR
_j75-6/2656
942 _cBOOK
980 _aNB